Datum a čas kvízu

36 Celkem bodů Celkový počet nahraných bodů na tomto kvízu bez doplňovacích otázek.
8. Pořadí na kvízu Konečné umístění týmu na tomto kvízu.

Zaznamenané odpovědi

# Otázka Odpověď Body Výsledky
1. Na webové adrese zemanznovu.cz... e-shop s dámským textilem 0
2. Prezident jednoho z afrických... Namibie 0
3. Bývalá pornostar se snaží získ... Mia Khalifa 1
4. Jak se jmenuje meteorický roj,... Perseidy 1
5. Hokejisté Bostonu přišli v prů... Tuukka Rask 1
6. Nedávno jsme se zabývali různý... Hadrián 1
7. Dne 24. července roku 1177 uza... Fridrich I. Barbarossa (Rudovous) 1
8. Dalším špičatým letopočtem v n... Vladislav Jagellonský 0
9. Dostáváme se do novověku, konk... (von) Laudon 1
10. Rok 1714 se stal jedním z důle... Gabriel Fahrenheit 1